Statistics for Cell Organelles

Click here to take the quiz!

General Stats

  • This quiz has been taken 29 times
  • The average score is 8 of 23

Answer Stats

HintAnswer% Correct
Stores genetic materialNucleus
100%
Where energy is produced via the electron transport chainMitochondria
83%
Where energy is produced using sunlight and different pigmentsChloroplast
74%
The outermost layer of a plant cell, protects the cellCell Wall
70%
The outermost layer of most bacterial and animal cells, controls what is let in and out of the cell and is comprised of many types of lipid.Cell Membrane
65%
Stores water, waste, nutrients or foodVacuole
65%
Modifies and packages proteins/lipidsGolgi
52%
Where proteins are manufactured from amino acidsRibosome
52%
Produces and folds proteins/polypeptides, studded with ribosomesRough Endoplasmic Reticulum
39%
Cellular appendage used for movementFlagellum
30%
Produces lipids, has a role in detoxification and calcium metabolismSmooth Endoplasmic Reticulum
26%
Cellular appendage used for adherancePilli
22%
Used for cellular structure and transportCytoskeleton
17%
Membrane bound organelles which contain digestive enzymesLysosome
17%
Used for lipid production and the detoxification of hydrogen peroxidePeroxisome
17%
Extracellular electron transport conduit, from cell to metallo-mineralNanowire
9%
Microcompartments containing RuBisCo for use in fixation of C from CO2, "Cellular reaction vessels"Carboxysome
4%
Used for rapid turnover of toxic acetaldehydeEut
4%
Used for buoyancy in waterborne bacteriaGas Vacuole
4%
Allows for movement in aquatic environments where there is a vertical gradient of nutrients, "Bacterial compass"Magnetosome
4%
Used for rapid turnover of propianaldehydePut
4%
Used for storage in some bacteriaStorage Granules
4%
Oxidises H2S with O2 to generate energy in some bacteriaSulfur Globules
4%

Score Distribution

Percentile by Number Answered

Percent of People with Each Score

Your Score History

You have not taken this quiz